Author Marries Character Quiz Stats

 Plays Quiz Updated Mar 6, 2013

Challenge
Share
Tweet
Embed
Score 0/30 Timer 06:00
0 Plays Today
Married Name Book Title % Correct
F. Scott GatsbyThe Great Gatsby
99.2%
Harper FinchTo Kill a Mockingbird
90.5%
Charles ScroogeA Christmas Carol
90.4%
Margaret O'HaraGone with the Wind
86.6%
Herman AhabMoby-Dick
85.9%
J.D. CaulfieldThe Catcher in the Rye
81.9%
Emily HeathcliffWuthering Heights
77.4%
Gustave BovaryMadame Bovary
76.8%
Robert Louis SilverTreasure Island
76.5%
Nathaniel PrynneThe Scarlet Letter
71.9%
Jules Nemo20,000 Leagues Under the Sea
69.7%
Truman GolightlyBreakfast at Tiffany's
65.6%
Joseph YossarianCatch-22
60.7%
Charlotte RochesterJane Eyre
60.4%
John JoadThe Grapes of Wrath
57.8%
Married Name Book Title % Correct
John GarpThe World According to Garp
56.8%
Fyodor RaskolnikovCrime and Punishment
54.4%
Vladimir HumbertLolita
53.8%
Miguel PanzaDon Quixote
48.2%
Kurt PilgrimSlaughterhouse-Five
47.6%
Joseph KurtzHeart of Darkness
43.5%
George SmithNineteen Eighty-Four
42.7%
Dashiell SpadeThe Maltese Falcon
40.7%
Ayn RoarkThe Fountainhead
39%
Philip PortnoyPortnoy's Complaint
37.9%
James BloomUlysses
34.7%
Daphne DanversRebecca
34.7%
Jane FerrarsSense and Sensibility
29.9%
Ernest JordanFor Whom the Bell Tolls
28.8%
Franz K.The Trial or The Castle
25.1%

You're not logged in!

Compare scores with friends on all Sporcle quizzes.
OR
Log In

You Might Also Like...

Show Comments

Extras

Top Quizzes Today


Score Distribution

Your Account Isn't Verified!

In order to create a playlist on Sporcle, you need to verify the email address you used during registration. Go to your Sporcle Settings to finish the process.

Report this User

Report this user for behavior that violates our Community Guidelines.

Details: